[Event "MCR_CF281"]
[Site "?"]
[Date "2003.??.??"]
[Round "?"]
[White "Brichacek, Milan"]
[Black "Zavadil, Jaroslav"]
[Result "1-0"]
[WhiteElo "2000"]
[BlackElo "2168"]
[PlyCount "65"]
[EventDate "2003.??.??"]
[EventType "corr"]
[EventRounds "2"]
[SourceDate "2004.??.??"]

1. e4 e5 2. Nc3 Nf6 3. Nf3 Nc6 4. Bb5 Bb4 5. O-O O-O 6. d3 d6 7. Ne2 Bg4 8. c3
Bxf3 9. gxf3 Bc5 10. d4 Bb6 11. Bxc6 bxc6 12. dxe5 dxe5 13. Qxd8 Raxd8 14. a4
Rd3 15. a5 Bc5 16. b4 Be7 17. Be3 Rfd8 18. Bxa7 Rxf3 19. Rfd1 Rfd3 20. Rxd3
Rxd3 21. Bb8 Rd8 22. Bxc7 Rc8 23. Bxe5 Nxe4 24. a6 Kf8 25. f3 Ng5 26. Nd4 f6
27. Bg3 c5 28. Nc6 cxb4 29. cxb4 Nxf3+ 30. Kg2 Nd2 31. a7 Ra8 32. Rd1 Nc4 33.
Rd7 1-0

[Event "MCR_CF281"]
[Site "?"]
[Date "2003.??.??"]
[Round "?"]
[White "Valenta, Josef"]
[Black "Zavadil, Jaroslav"]
[Result "0-1"]
[WhiteElo "2168"]
[BlackElo "2168"]
[PlyCount "32"]
[EventDate "2003.??.??"]
[EventType "corr"]
[EventRounds "2"]
[SourceDate "2004.??.??"]

1. d4 d5 2. c4 e6 3. cxd5 exd5 4. Nc3 Nf6 5. Bg5 Be7 6. e3 O-O 7. Nf3 h6 8. Bh4
c6 9. Bd3 Ne4 10. Bxe7 Qxe7 11. Qc2 Re8 12. O-O Nd7 13. Rac1 Nf8 14. Bxe4 dxe4
15. Ne5 f6 16. Nf3 exf3 0-1

[Event "MCR_CF281"]
[Site "?"]
[Date "2003.??.??"]
[Round "?"]
[White "Brichacek, Milan"]
[Black "Trs, Jan"]
[Result "0-1"]
[WhiteElo "2000"]
[BlackElo "2092"]
[PlyCount "42"]
[EventDate "2003.??.??"]
[EventType "corr"]
[EventRounds "2"]
[SourceDate "2004.??.??"]

1. e4 c5 2. Nf3 e6 3. Nc3 Nc6 4. d4 cxd4 5. Nxd4 Nf6 6. Ndb5 d6 7. Bf4 e5 8.
Bg5 a6 9. Na3 b5 10. Bxf6 gxf6 11. Nd5 Bg7 12. c4 f5 13. cxb5 Nd4 14. bxa6 fxe4
15. Qa4+ Kf8 16. Bc4 Rg8 17. O-O Bh8 18. Kh1 Qh4 19. Ne3 Rg6 20. Rfd1 Bg4 21.
Nac2 Nf3 0-1

[Event "MCR_CF281"]
[Site "?"]
[Date "2003.??.??"]
[Round "?"]
[White "Goc, Pavel"]
[Black "Jurinek, Libor"]
[Result "1-0"]
[WhiteElo "2215"]
[BlackElo "2046"]
[PlyCount "35"]
[EventDate "2003.??.??"]
[EventType "corr"]
[EventRounds "2"]
[SourceDate "2004.??.??"]

1. e4 c5 2. Nf3 Nc6 3. d4 cxd4 4. Nxd4 Nf6 5. Nc3 e5 6. Ndb5 d6 7. Nd5 Nxd5 8.
exd5 Ne7 9. c3 f5 10. Qa4 Kf7 11. Qb4 Ng8 12. Be3 f4 13. Bxa7 Bd7 14. a4 Be7
15. g3 g5 16. Bg2 Nf6 17. O-O h5 18. Kh1 {a cerny odstoupil} 1-0

[Event "MCR_CF281"]
[Site "?"]
[Date "2003.??.??"]
[Round "?"]
[White "Valenta, Josef"]
[Black "Jurinek, Libor"]
[Result "1-0"]
[WhiteElo "2168"]
[BlackElo "2046"]
[PlyCount "29"]
[EventDate "2003.??.??"]
[EventType "corr"]
[EventRounds "2"]
[SourceDate "2004.??.??"]

1. d4 Nf6 2. c4 e6 3. Nc3 d5 4. cxd5 exd5 5. Bg5 c6 6. e3 Bf5 7. Qf3 Bg6 8.
Bxf6 Qxf6 9. Qxf6 gxf6 10. Nf3 Nd7 11. Rc1 Nb6 12. Be2 Bd6 13. Nd2 O-O-O 14.
Nb5 Bf8 15. h3 {a cerny odstoupil} 1-0

[Event "MCR_CF281"]
[Site "?"]
[Date "2003.??.??"]
[Round "?"]
[White "Jurinek, Libor"]
[Black "Valenta, Josef"]
[Result "0-1"]
[WhiteElo "2046"]
[BlackElo "2168"]
[PlyCount "36"]
[EventDate "2003.??.??"]
[EventType "corr"]
[EventRounds "2"]
[SourceDate "2004.??.??"]

1. e4 c5 2. Nf3 Nc6 3. d4 cxd4 4. Nxd4 Nf6 5. Nc3 e5 6. Ndb5 d6 7. Nd5 Nxd5 8.
exd5 Ne7 9. c4 Nf5 10. Bd3 Be7 11. O-O a6 12. Nc3 O-O 13. Kh1 Nh4 14. f4 f5 15.
g3 e4 16. Be2 Ng6 17. Be3 Bf6 18. Qb3 Re8 {a bily odstoupil} 0-1

[Event "MCR_CF281"]
[Site "?"]
[Date "2003.??.??"]
[Round "?"]
[White "Zavadil, Jaroslav"]
[Black "Jurinek, Libor"]
[Result "1-0"]
[WhiteElo "2168"]
[BlackElo "2046"]
[PlyCount "33"]
[EventDate "2003.??.??"]
[EventType "corr"]
[EventRounds "2"]
[SourceDate "2004.??.??"]

1. e4 c5 2. Nf3 Nc6 3. d4 cxd4 4. Nxd4 Nf6 5. Nc3 e5 6. Ndb5 d6 7. Bg5 a6 8.
Na3 b5 9. Nd5 Qa5+ 10. Bd2 Qd8 11. Nxf6+ Qxf6 12. c4 Qg6 13. f3 Be7 14. g3 b4
15. Nc2 a5 16. a3 bxa3 17. Nxa3 {a cerny odstoupil} 1-0

[Event "MCR_CF281"]
[Site "?"]
[Date "2003.??.??"]
[Round "?"]
[White "Jurinek, Libor"]
[Black "Zavadil, Jaroslav"]
[Result "0-1"]
[WhiteElo "2046"]
[BlackElo "2168"]
[PlyCount "34"]
[EventDate "2003.??.??"]
[EventType "corr"]
[EventRounds "2"]
[SourceDate "2004.??.??"]

1. e4 e5 2. Nf3 Nc6 3. Bb5 a6 4. Ba4 Nf6 5. O-O Nxe4 6. d4 b5 7. Bb3 d5 8. dxe5
Be6 9. Nbd2 Nc5 10. c3 Be7 11. Bc2 Bg4 12. Re1 b4 13. Nb3 bxc3 14. bxc3 Rb8 15.
h3 Bxf3 16. Qxf3 Ne6 17. Qg4 Qd7 {a bily odstoupil} 0-1

[Event "MCR_CF281"]
[Site "?"]
[Date "2003.??.??"]
[Round "?"]
[White "Jurinek, Libor"]
[Black "Portych, Vaclav"]
[Result "0-1"]
[WhiteElo "2046"]
[BlackElo "2148"]
[PlyCount "40"]
[EventDate "2003.??.??"]
[EventType "corr"]
[EventRounds "2"]
[SourceDate "2004.??.??"]

1. e4 c5 2. Nf3 Nc6 3. d4 cxd4 4. Nxd4 Nf6 5. Nc3 e5 6. Ndb5 d6 7. Nd5 Nxd5 8.
exd5 Ne7 9. c4 Nf5 10. Bd3 Be7 11. O-O a6 12. Nc3 O-O 13. Kh1 Nd4 14. f4 f5 15.
Be3 Bd7 16. c5 Bf6 17. fxe5 dxe5 18. a3 Rc8 19. b4 Kh8 20. Rb1 Qe8 {
a bily odstoupil} 0-1

[Event "MCR_CF281"]
[Site "?"]
[Date "2003.??.??"]
[Round "?"]
[White "Trs, Jan"]
[Black "Jurinek, Libor"]
[Result "1-0"]
[WhiteElo "2092"]
[BlackElo "2046"]
[PlyCount "33"]
[EventDate "2003.??.??"]
[EventType "corr"]
[EventRounds "2"]
[SourceDate "2004.??.??"]

1. d4 Nf6 2. c4 e6 3. Nc3 d5 4. Nf3 Be7 5. Bg5 h6 6. Bh4 O-O 7. e3 b6 8. cxd5
exd5 9. Bd3 Bb7 10. O-O Ne4 11. Bxe7 Qxe7 12. Qb3 Nxc3 13. Qxc3 c5 14. dxc5
bxc5 15. Rac1 Nd7 16. Bf5 c4 17. Bxd7 {a cerny odstoupil} 1-0

[Event "MCR_CF281"]
[Site "?"]
[Date "2003.??.??"]
[Round "?"]
[White "Jurci, Peter"]
[Black "Jurinek, Libor"]
[Result "1-0"]
[WhiteElo "2000"]
[BlackElo "2046"]
[PlyCount "37"]
[EventDate "2003.??.??"]
[EventType "corr"]
[EventRounds "2"]
[SourceDate "2004.??.??"]

1. d4 Nf6 2. c4 e6 3. Nc3 d5 4. Bg5 Be7 5. e3 O-O 6. Nf3 h6 7. Bh4 b6 8. cxd5
Nxd5 9. Bxe7 Qxe7 10. Nxd5 exd5 11. Rc1 Be6 12. Bd3 c5 13. dxc5 bxc5 14. O-O
Rc8 15. e4 d4 16. Bb1 Nd7 17. b4 Bg4 18. bxc5 Ne5 19. Kh1 {a cerny odstoupil}
1-0

[Event "MCR_CF281"]
[Site "?"]
[Date "2003.??.??"]
[Round "?"]
[White "Portych, Vaclav"]
[Black "Valenta, Josef"]
[Result "1-0"]
[WhiteElo "2148"]
[BlackElo "2168"]
[PlyCount "81"]
[EventDate "2003.??.??"]
[EventType "corr"]
[EventRounds "2"]
[SourceDate "2004.??.??"]

1. c4 Nf6 2. Nc3 d5 3. cxd5 Nxd5 4. g3 g6 5. Bg2 Nb6 6. Nf3 Bg7 7. O-O O-O 8.
d4 Nc6 9. e3 Bg4 10. h3 Be6 11. b3 Rb8 12. Bb2 h6 13. Qe2 Qd7 14. Kh2 f5 15.
Rac1 Bf7 16. Rfd1 Rfd8 17. Ne5 Nxe5 18. dxe5 Qe6 19. f4 c6 20. e4 Rbc8 21. Qe3
Ra8 22. Ne2 Rxd1 23. Rxd1 fxe4 24. Bxe4 Nd5 25. Qd3 Be8 26. Bxd5 cxd5 27. Qxd5
Qxd5 28. Rxd5 Rc8 29. Rd2 Bc6 30. g4 Bh8 31. Kg3 Kf7 32. f5 gxf5 33. gxf5 Bg7
34. Kf4 Ke8 35. Nd4 h5 36. Rc2 Bd7 37. Rg2 Bh6+ 38. Ke4 Kf8 39. Ba3 Rc3 40. f6
Kf7 41. fxe7 1-0

[Event "MCR_CF281"]
[Site "?"]
[Date "2003.??.??"]
[Round "?"]
[White "Brichacek, Milan"]
[Black "Portych, Vaclav"]
[Result "1-0"]
[WhiteElo "2000"]
[BlackElo "2148"]
[PlyCount "113"]
[EventDate "2003.??.??"]
[EventType "corr"]
[EventRounds "2"]
[SourceDate "2004.??.??"]

1. e4 c5 2. Nf3 Nc6 3. Nc3 Nf6 4. d4 cxd4 5. Nxd4 e5 6. Ndb5 d6 7. Nd5 Nxd5 8.
exd5 Nb8 9. Bd3 Be7 10. O-O O-O 11. Be3 a6 12. Nc3 f5 13. f4 b5 14. Qd2 Nd7 15.
fxe5 Nxe5 16. Ne2 Nxd3 17. Qxd3 Bf6 18. Nd4 Be5 19. Nc6 Qc7 20. c3 f4 21. Bd4
Bb7 22. Rae1 Bf6 23. Rxf4 Bxd4+ 24. Rxd4 Rae8 25. Rxe8 Rxe8 26. Qf3 Re1+ 27.
Kf2 Re8 28. Rf4 g6 29. Kf1 Bxc6 30. dxc6 Rc8 31. Qd5+ Kg7 32. Qe4 Qxc6 33. Qe7+
Kg8 34. Qf7+ Kh8 35. Rh4 h5 36. Qxg6 Rf8+ 37. Ke2 Re8+ 38. Kd2 Qd5+ 39. Rd4 Qe5
40. Rxd6 Qf4+ 41. Kd1 Qf1+ 42. Kc2 Qe2+ 43. Rd2 Qe5 44. Qxa6 Qe4+ 45. Kc1 Qf5
46. Rd1 b4 47. Qc4 bxc3 48. Qxc3+ Kg8 49. Qc4+ Kg7 50. Qc7+ Kg8 51. a4 Qg5+ 52.
Kb1 Qxg2 53. Qc4+ Kh8 54. Qd4+ Qg7 55. a5 Rb8 56. a6 Ra8 57. Qxg7+ 1-0

[Event "MCR_CF281"]
[Site "?"]
[Date "2003.??.??"]
[Round "?"]
[White "Valenta, Josef"]
[Black "Portych, Vaclav"]
[Result "0-1"]
[WhiteElo "2168"]
[BlackElo "2148"]
[PlyCount "104"]
[EventDate "2003.??.??"]
[EventType "corr"]
[EventRounds "2"]
[SourceDate "2004.??.??"]

1. d4 Nf6 2. c4 e6 3. Nc3 Bb4 4. a3 Bxc3+ 5. bxc3 c5 6. f3 d5 7. e3 O-O 8. Bd3
dxc4 9. Bxc4 Qc7 10. Ba2 b6 11. Bb2 Ba6 12. Ne2 Nc6 13. O-O Rad8 14. Rf2 e5 15.
d5 Bxe2 16. Rxe2 e4 17. fxe4 Ne5 18. Qf1 Nd3 19. Bb1 Nxb2 20. Rxb2 Qe5 21. Rb3
Rfe8 22. Bc2 Nxe4 23. Bxe4 Qxe4 24. c4 Rd6 25. Rd1 Re5 26. Rd2 Rf5 27. Qd3 Rdf6
28. Rb1 Qxd3 29. Rxd3 Kf8 30. d6 Ke8 31. a4 Kd7 32. a5 Rxd6 33. Rxd6+ Kxd6 34.
axb6 axb6 35. Rxb6+ Ke5 36. h3 Ke4 37. Rb3 h5 38. h4 f6 39. Ra3 g5 40. hxg5
fxg5 41. Kh2 h4 42. Kh3 Rf1 43. Kg4 Rg1 44. Ra2 Kxe3 45. Kxg5 Rh1 46. Kg4 Rh2
47. Ra3+ Kd4 48. Kf3 Kxc4 49. Ra6 Kc3 50. Ra8 c4 51. Rg8 Kc2 52. Ke4 c3 0-1

[Event "MCR_CF281"]
[Site "?"]
[Date "2003.??.??"]
[Round "?"]
[White "Portych, Vaclav"]
[Black "Brichacek, Milan"]
[Result "1-0"]
[WhiteElo "2148"]
[BlackElo "2000"]
[PlyCount "101"]
[EventDate "2003.??.??"]
[EventType "corr"]
[EventRounds "2"]
[SourceDate "2004.??.??"]

1. c4 e5 2. Nc3 Nc6 3. Nf3 Nf6 4. g3 d5 5. cxd5 Nxd5 6. Bg2 Nxc3 7. bxc3 e4 8.
Ng1 f5 9. d3 Qf6 10. Bd2 Bc5 11. Nh3 O-O 12. O-O Nd8 13. Nf4 Nf7 14. Nd5 Qd8
15. dxe4 fxe4 16. Be3 Bxe3 17. Nxe3 Qf6 18. Bxe4 Bh3 19. Ng2 c6 20. Qd4 Qe7 21.
Rfd1 Rad8 22. Qb4 Nd6 23. Bf3 Qe5 24. Nf4 Bf5 25. Rd2 Nb5 26. Rxd8 Rxd8 27. Rc1
g5 28. Nd3 Qd6 29. Nc5 Qd2 30. Nb3 Qd6 31. a4 Qxb4 32. cxb4 Nd4 33. Nxd4 Rxd4
34. b5 cxb5 35. axb5 a6 36. Bxb7 axb5 37. Rc5 Bd7 38. Rxg5+ Kf7 39. Rd5 Rxd5
40. Bxd5+ Kf6 41. f4 b4 42. Kf2 Ba4 43. e4 Bc2 44. Ke3 Ke7 45. e5 h5 46. Kd4
Ke8 47. Kc4 b3 48. Kc3 Ke7 49. Bxb3 Bf5 50. Bd1 Bg6 51. g4 1-0

[Event "MCR_CF281"]
[Site "?"]
[Date "2003.??.??"]
[Round "?"]
[White "Zavadil, Jaroslav"]
[Black "Portych, Vaclav"]
[Result "0-1"]
[WhiteElo "2168"]
[BlackElo "2148"]
[PlyCount "86"]
[EventDate "2003.??.??"]
[EventType "corr"]
[EventRounds "2"]
[SourceDate "2004.??.??"]

1. e4 c5 2. Nf3 Nc6 3. d4 cxd4 4. Nxd4 Nf6 5. Nc3 e5 6. Ndb5 d6 7. Bg5 a6 8.
Na3 b5 9. Bxf6 gxf6 10. Nd5 f5 11. exf5 Bxf5 12. Qf3 Nd4 13. Nc7+ Qxc7 14.
Qxa8+ Ke7 15. c3 b4 16. cxb4 Qb6 17. Bxa6 Qxb4+ 18. Kf1 Qxb2 19. Qb7+ Qxb7 20.
Bxb7 d5 21. Rd1 Kd7 22. Nb1 Bc2 23. Rc1 Bd3+ 24. Ke1 Bh6 25. Nd2 Rb8 26. Rc3
Bc4 27. Nxc4 dxc4 28. Be4 f5 29. Bd3 cxd3 30. Rxd3 Rb2 31. g3 Rxa2 32. Kf1 Bg7
33. h4 e4 34. Rd1 Ke6 35. Re1 h5 36. Kg2 Nf3 37. Rc1 Bd4 38. Rhf1 Ne5 39. Rcd1
Nd3 40. Kh2 Ke5 41. Kg2 Nxf2 42. Rxd4 Nd3+ 43. Kg1 Kxd4 0-1

[Event "MCR_CF281"]
[Site "?"]
[Date "2003.??.??"]
[Round "?"]
[White "Zavadil, Jaroslav"]
[Black "Trs, Jan"]
[Result "0-1"]
[WhiteElo "2168"]
[BlackElo "2092"]
[PlyCount "68"]
[EventDate "2003.??.??"]
[EventType "corr"]
[EventRounds "2"]
[SourceDate "2004.??.??"]

1. e4 c5 2. Nf3 d6 3. d4 cxd4 4. Nxd4 Nf6 5. Nc3 e6 6. Bg5 Nc6 7. Qd2 Be7 8.
O-O-O O-O 9. Bxf6 Bxf6 10. Nxc6 bxc6 11. Qxd6 Qb6 12. Na4 Qa5 13. b3 Rd8 14.
Qg3 Rxd1+ 15. Kxd1 Bd7 16. Bd3 c5 17. e5 Be7 18. Nc3 c4 19. Bxc4 Bb4 20. Na4
Bxa4 21. bxa4 Bc3 22. Bd3 Bxe5 23. Qh4 g6 24. Ke2 Rb8 25. Rd1 Rb4 26. Qe7 Qxa4
27. Qc5 Bf6 28. h3 a5 29. Qc8+ Kg7 30. a3 Qxa3 31. f3 a4 32. Be4 Qb2 33. Rd2 a3
34. c3 Qc1 0-1

[Event "MCR_CF281"]
[Site "?"]
[Date "2003.??.??"]
[Round "?"]
[White "Valenta, Josef"]
[Black "Brichacek, Milan"]
[Result "0-1"]
[WhiteElo "2168"]
[BlackElo "2000"]
[PlyCount "114"]
[EventDate "2003.??.??"]
[EventType "corr"]
[EventRounds "2"]
[SourceDate "2004.??.??"]

1. d4 d5 2. c4 e6 3. cxd5 exd5 4. Nc3 c6 5. Nf3 Nf6 6. Bg5 Bd6 7. Bh4 O-O 8.
Rc1 Bf5 9. e3 Nbd7 10. Qb3 Qb6 11. Nd2 Rfe8 12. Be2 Qxb3 13. Nxb3 a5 14. Nc5
Nxc5 15. dxc5 Be7 16. O-O a4 17. Rfd1 Ra5 18. Rd4 Rea8 19. Bd1 Rxc5 20. Bxa4 h6
21. Bb3 g5 22. Bg3 Ne4 23. Be5 Nxc3 24. bxc3 Rca5 25. Bc7 R5a7 26. Rd2 b5 27.
Be5 Kf8 28. h3 f6 29. Bh2 Ra3 30. Kf1 h5 31. Re1 Bg6 32. Red1 h4 33. Rb2 Kf7
34. Ke1 R8a6 35. Rbd2 f5 36. Rc1 Bh5 37. Be5 Ke6 38. Bg7 Ra7 39. Rb1 Bd6 40.
Bh6 Kf6 41. f4 gxf4 42. exf4 Be7 43. Bg5+ Kg6 44. Bxe7 Rxe7+ 45. Kf2 Re4 46.
Rd4 Re2+ 47. Kf1 Re3 48. Rc1 Kf6 49. Kf2 Re2+ 50. Kf1 Re4 51. Kf2 Ra7 52. Rc2
Rae7 53. Rcd2 Re2+ 54. Rxe2 Rxe2+ 55. Kf1 Re3 56. Kg1 Rxc3 57. Rd2 b4 0-1

[Event "MCR_CF281"]
[Site "?"]
[Date "2003.??.??"]
[Round "?"]
[White "Zavadil, Jaroslav"]
[Black "Valenta, Josef"]
[Result "1/2-1/2"]
[WhiteElo "2168"]
[BlackElo "2168"]
[PlyCount "86"]
[EventDate "2003.??.??"]
[EventType "corr"]
[EventRounds "2"]
[SourceDate "2004.??.??"]

1. e4 c5 2. Nf3 Nc6 3. d4 cxd4 4. Nxd4 Nf6 5. Nc3 e5 6. Ndb5 d6 7. Bg5 a6 8.
Na3 b5 9. Bxf6 gxf6 10. Nd5 f5 11. c4 Qa5+ 12. Qd2 Qxd2+ 13. Kxd2 Bh6+ 14. Ke1
Kd8 15. cxb5 Nd4 16. bxa6 fxe4 17. Nb6 Ra7 18. Nxc8 Kxc8 19. Nb5 Nxb5 20. Bxb5
d5 21. b4 Kb8 22. Bc6 Rxa6 23. Bxd5 f5 24. b5 Rd6 25. Bc6 Rhd8 26. g4 e3 27.
gxf5 Rd2 28. fxe3 Bxe3 29. Rf1 e4 30. Bxe4 Bg5 31. Rf3 Re8 32. Kf1 Rxe4 33. f6
Bh6 34. Re1 Rxe1+ 35. Kxe1 Rxa2 36. Rh3 Bd2+ 37. Kd1 Bb4 38. f7 Kb7 39. Rxh7
Kb6 40. Rh6+ Kxb5 41. Rh8 Rd2+ 42. Kc1 Rf2 43. h3 Rxf7 1/2-1/2

[Event "MCR_CF281"]
[Site "?"]
[Date "2003.??.??"]
[Round "?"]
[White "Goc, Pavel"]
[Black "Brichacek, Milan"]
[Result "1/2-1/2"]
[WhiteElo "2215"]
[BlackElo "2000"]
[PlyCount "91"]
[EventDate "2003.??.??"]
[EventType "corr"]
[EventRounds "2"]
[SourceDate "2004.??.??"]

1. e4 d5 2. exd5 Nf6 3. d4 Nxd5 4. c4 Nf6 5. Nf3 e6 6. Nc3 Nc6 7. Be2 Be7 8.
O-O O-O 9. Bf4 Bd6 10. Bg5 h6 11. Bh4 g5 12. Bg3 Bxg3 13. fxg3 g4 14. Ne5 Nxe5
15. dxe5 Qxd1 16. Bxd1 Nd7 17. Re1 h5 18. h3 f6 19. exf6 Nxf6 20. Ne4 Bd7 21.
Nxf6+ Rxf6 22. hxg4 hxg4 23. Bxg4 Kf7 24. Bf3 c6 25. Rad1 Rd8 26. Kf2 Ke7 27.
Re4 c5 28. Ke3 b6 29. Rh4 Rf7 30. b3 Rg8 31. g4 Rfg7 32. Rdh1 Be8 33. Rh8 Rxh8
34. Rxh8 Bg6 35. Rh1 Kf6 36. Rd1 Ke5 37. Bc6 Rh7 38. Kf3 Rf7+ 39. Kg3 Re7 40.
Kh4 Bc2 41. Rd2 Bb1 42. Re2+ Kd4 43. g5 e5 44. Kh5 Rh7+ 45. Kg4 Rf7 46. Kh5
1/2-1/2

[Event "MCR_CF281"]
[Site "?"]
[Date "2003.??.??"]
[Round "?"]
[White "Portych, Vaclav"]
[Black "Trs, Jan"]
[Result "1/2-1/2"]
[WhiteElo "2148"]
[BlackElo "2092"]
[PlyCount "71"]
[EventDate "2003.??.??"]
[EventType "corr"]
[EventRounds "2"]
[SourceDate "2004.??.??"]

1. c4 e5 2. Nc3 Nc6 3. Nf3 Nf6 4. g3 Bb4 5. Bg2 O-O 6. O-O d6 7. Nd5 Bc5 8. d3
Nxd5 9. cxd5 Nb4 10. e4 f5 11. a3 fxe4 12. dxe4 Na6 13. b4 Bb6 14. Qd3 Bg4 15.
Ng5 h6 16. Bh3 Bxh3 17. Nxh3 Nb8 18. Kg2 a5 19. Bb2 axb4 20. axb4 Nd7 21. f4
Rxa1 22. Bxa1 Qe8 23. Bb2 Nf6 24. fxe5 dxe5 25. Qe2 Rf7 26. b5 Bd4 27. Nf2 c6
28. dxc6 bxc6 29. Bxd4 exd4 30. bxc6 Qxc6 31. Rd1 Rd7 32. Kg1 Rd8 33. Qa2+ Kh8
34. Qa5 Ra8 35. Qe5 Re8 36. Qxd4 1/2-1/2

[Event "MCR_CF281"]
[Site "?"]
[Date "2003.??.??"]
[Round "?"]
[White "Jurci, Peter"]
[Black "Brichacek, Milan"]
[Result "0-1"]
[WhiteElo "2000"]
[BlackElo "2000"]
[PlyCount "130"]
[EventDate "2003.??.??"]
[EventType "corr"]
[EventRounds "2"]
[SourceDate "2004.??.??"]

1. d4 d5 2. c4 e6 3. Nf3 Nf6 4. Nc3 c6 5. e3 Nbd7 6. Bd3 Bd6 7. O-O O-O 8. e4
dxc4 9. Bxc4 e5 10. Bg5 Qe7 11. Re1 exd4 12. e5 Nxe5 13. Ne4 Kh8 14. Qxd4 Nxf3+
15. gxf3 Be5 16. Nxf6 Bxd4 17. Rxe7 gxf6 18. Bh4 Rg8+ 19. Kh1 Bh3 20. Bg3 Bxb2
21. Rb1 b5 22. Bxf7 Ba3 23. Re3 Rg7 24. Be6 Bxe6 25. Rxe6 Rc8 26. Rxf6 Kg8 27.
Be5 a5 28. Rf5 Rg6 29. f4 Rd8 30. Bc7 Rd2 31. Bxa5 Rxa2 32. Bc3 Rxf2 33. Re1
Bf8 34. Bf6 b4 35. h4 Rgg2 36. Bd4 Re2 37. Ra1 Ra2 38. Rb1 Be7 39. Bc5 Rh2+ 40.
Kg1 Rag2+ 41. Kf1 Rc2 42. Kg1 Rhg2+ 43. Kf1 Bxc5 44. Rxc5 Rcf2+ 45. Ke1 Rxf4
46. Rb3 Rxh4 47. Kf1 Rg6 48. Rf3 Kg7 49. Rd3 Rh1+ 50. Kf2 h5 51. Rd7+ Kh6 52.
Rb7 Rh2+ 53. Kf1 Rd6 54. Ke1 Re6+ 55. Kf1 Rb2 56. Rb8 Rd6 57. Ke1 Rg6 58. Kf1
Rd6 59. Ke1 Kg6 60. Rh8 Rh2 61. Rg8+ Kh7 62. Rb8 Rd7 63. Ra5 c5 64. Rbb5 Rc7
65. Kf1 h4 0-1

[Event "MCR_CF281"]
[Site "?"]
[Date "2003.??.??"]
[Round "?"]
[White "Goc, Pavel"]
[Black "Trs, Jan"]
[Result "0-1"]
[WhiteElo "2215"]
[BlackElo "2092"]
[PlyCount "70"]
[EventDate "2003.??.??"]
[EventType "corr"]
[EventRounds "2"]
[SourceDate "2004.??.??"]

1. e4 c6 2. d4 d5 3. e5 Bf5 4. Nc3 e6 5. g4 Bg6 6. Nge2 c5 7. Be3 Nc6 8. dxc5
Nxe5 9. Nd4 Nc6 10. Bb5 Rc8 11. Qe2 Nf6 12. b4 Be7 13. Bf4 Nd7 14. Nxc6 bxc6
15. Ba6 Bf6 16. Qd2 Rb8 17. Bxb8 Qxb8 18. Rb1 Qe5+ 19. Ne2 Qe4 20. Rg1 Ne5 21.
Rb3 Nf3+ 22. Rxf3 Qxf3 23. Bb7 O-O 24. Bxc6 Rb8 25. c3 Bh4 26. Nd4 Qh3 27. Ba4
Be4 28. Ne2 e5 29. Bd7 d4 30. cxd4 Qa3 31. b5 Rb7 32. dxe5 Qxc5 33. Ng3 Bf3 34.
e6 Bg5 35. Qb2 Bf6 0-1

[Event "MCR_CF281"]
[Site "?"]
[Date "2003.??.??"]
[Round "?"]
[White "Portych, Vaclav"]
[Black "Jurci, Peter"]
[Result "1-0"]
[WhiteElo "2148"]
[BlackElo "2000"]
[PlyCount "83"]
[EventDate "2003.??.??"]
[EventType "corr"]
[EventRounds "2"]
[SourceDate "2004.??.??"]

1. c4 Nf6 2. Nc3 g6 3. g3 Bg7 4. Bg2 d6 5. Nf3 O-O 6. O-O Nc6 7. d4 a6 8. e4
Bg4 9. Be3 Nd7 10. Qd2 Bxf3 11. Bxf3 e5 12. d5 Nd4 13. Bg2 c5 14. Rab1 Qa5 15.
Rfc1 Rab8 16. b3 b5 17. cxb5 axb5 18. b4 cxb4 19. Bxd4 exd4 20. Ne2 d3 21. Qxd3
Qxa2 22. Rxb4 Nc5 23. Qd1 Qa5 24. Rcb1 Na6 25. R4b3 b4 26. Nd4 Qc5 27. Nc6 Rb6
28. Rc1 Bc3 29. Nxb4 Nxb4 30. Rbxc3 Qb5 31. Bf1 Qe8 32. Qd4 Qb8 33. Rb1 Qb7 34.
Rc4 Rb8 35. h3 Nxd5 36. Rbc1 Nb4 37. Rc7 Qa8 38. Rxf7 Kxf7 39. Rc7+ Ke6 40. Qg7
Nd5 41. Qf7+ Ke5 42. Rc4 1-0

[Event "MCR_CF281"]
[Site "?"]
[Date "2003.??.??"]
[Round "?"]
[White "Jurci, Peter"]
[Black "Trs, Jan"]
[Result "0-1"]
[WhiteElo "2000"]
[BlackElo "2092"]
[PlyCount "78"]
[EventDate "2003.??.??"]
[EventType "corr"]
[EventRounds "2"]
[SourceDate "2004.??.??"]

1. d4 Nf6 2. c4 g6 3. Nc3 Bg7 4. e4 d6 5. f3 O-O 6. Be3 Nc6 7. Nge2 a6 8. Qd2
Rb8 9. h4 h5 10. Nc1 e5 11. d5 Nd4 12. Nb3 c5 13. dxc6 Nxb3 14. c7 Qxc7 15.
axb3 Be6 16. Be2 Rfd8 17. O-O Rbc8 18. Rfc1 Qe7 19. Bb6 Rf8 20. Nd5 Nxd5 21.
cxd5 Bd7 22. Bf2 Bf6 23. Qb4 Bxh4 24. Bxh4 Qxh4 25. Qxb7 Qg5 26. Rxc8 Bxc8 27.
Qb4 Bh3 28. Kf2 Qxg2+ 29. Ke3 Qg5+ 30. Kd3 Bd7 31. Rxa6 h4 32. Ra1 h3 33. Rh1
Rc8 34. Qb7 Rc1 35. Rxc1 Qxc1 36. Qxd7 h2 37. Qxd6 h1=Q 38. Qb8+ Kh7 39. d6
Qhg1 0-1

[Event "MCR_CF281"]
[Site "?"]
[Date "2003.??.??"]
[Round "?"]
[White "Goc, Pavel"]
[Black "Zavadil, Jaroslav"]
[Result "1/2-1/2"]
[WhiteElo "2215"]
[BlackElo "2168"]
[PlyCount "97"]
[EventDate "2003.??.??"]
[EventType "corr"]
[EventRounds "2"]
[SourceDate "2004.??.??"]

1. e4 e5 2. Nf3 Nc6 3. d4 exd4 4. c3 dxc3 5. Bc4 Nf6 6. Nxc3 Bb4 7. O-O Bxc3 8.
bxc3 O-O 9. e5 d5 10. exf6 dxc4 11. fxg7 Kxg7 12. Nd4 Nxd4 13. cxd4 Re8 14. Qh5
Qd6 15. Qb5 Bd7 16. Qxc4 Bc6 17. Be3 Bd5 18. Qc3 Re7 19. f3 Rae8 20. Rfe1 Qg6
21. Bf2 Re2 22. Rxe2 Rxe2 23. a3 h6 24. Bg3 c6 25. Re1 Rxe1+ 26. Bxe1 b6 27.
Bg3 Qb1+ 28. Kf2 Qa2+ 29. Kg1 f6 30. Bb8 Qb1+ 31. Kf2 a5 32. g4 a4 33. Bf4 Qa2+
34. Kg3 Qe2 35. h4 Kg6 36. h5+ Kg7 37. Qe3 Qxe3 38. Bxe3 Bf7 39. Kh4 Bd5 40. f4
b5 41. Bd2 Bf3 42. g5 Bd1 43. Bc3 fxg5+ 44. fxg5 hxg5+ 45. Kxg5 Kh7 46. Bd2 Bc2
47. h6 Kg8 48. Bb4 Kh7 49. Bd6 1/2-1/2

[Event "MCR_CF281"]
[Site "?"]
[Date "2003.??.??"]
[Round "?"]
[White "Zavadil, Jaroslav"]
[Black "Goc, Pavel"]
[Result "0-1"]
[WhiteElo "2168"]
[BlackElo "2215"]
[PlyCount "104"]
[EventDate "2003.??.??"]
[EventType "corr"]
[EventRounds "2"]
[SourceDate "2004.??.??"]

1. e4 e5 2. Nf3 Nc6 3. Bc4 Nf6 4. d4 exd4 5. O-O Bc5 6. e5 d5 7. exf6 dxc4 8.
fxg7 Rg8 9. Re1+ Be6 10. Ng5 Qd5 11. Nc3 Qf5 12. Nce4 Be7 13. Nxe6 fxe6 14. Ng3
Qg6 15. Qh5 Rxg7 16. Rxe6 Qxh5 17. Nxh5 Rf7 18. Bd2 O-O-O 19. Ng3 d3 20. cxd3
cxd3 21. Rd1 Nd4 22. Re4 Rd5 23. Rde1 Bc5 24. Rf1 Kd7 25. b4 Bb6 26. h3 a6 27.
Kh2 c5 28. bxc5 Bxc5 29. f4 b5 30. Be3 Kc6 31. Rc1 Nc2 32. Bd2 Bd6 33. Re6 Rd4
34. Ne4 Rxe4 35. Rxe4 Kd5 36. Re8 Rxf4 37. Kh1 Ra4 38. Rd8 Ke6 39. Re8+ Kd5 40.
Rd8 Ke6 41. Re8+ Kd7 42. Rh8 Rxa2 43. Rxh7+ Kc6 44. Rf7 Kd5 45. Rf3 Ke4 46. h4
b4 47. Rd1 b3 48. Bg5 b2 49. Rfxd3 Be5 50. Rf3 Ra1 51. Rff1 Rxd1 52. Rxd1 a5
0-1